| 000 | 00788nam a2200253 a 4500 | ||
|---|---|---|---|
| 001 | 23396 | ||
| 003 | BD-RjUL | ||
| 005 | 20211209000926.0 | ||
| 008 | 140310s1968 enkabfk b 001 0 eng d | ||
| 035 | _a(BD-RjUL)23461 | ||
| 040 |
_aDLC _cDLC _dUKM _dEQO _dBD-RjUL _beng |
||
| 041 | _aeng | ||
| 082 |
_a913.031018 _bCLA |
||
| 100 | 1 |
_aClarke, David L., _d-1976. _972058 |
|
| 245 | 1 | 0 |
_aAnalytical archaeology / _cby]David L. Clarke. |
| 260 |
_aLondon : _bMethuen, _c1968. |
||
| 300 |
_aiii-xx, 684 p. : _b2 plates, ill., forms, maps ; _c24 cm. |
||
| 500 | _a"Distributed in the U.S.A. by Barnes & Noble, Inc.". | ||
| 504 | _aIncludes Bibliography: p. 671-676 and index. | ||
| 650 | 0 |
_aArchaeology _xMethodology. _93275 |
|
| 942 |
_2ddc _cBK |
||
| 999 |
_c23396 _d23396 |
||